000 00283nam a22001217a 4500
008 170203b xxu||||| |||| 00| 0 eng d
041 _aeng
080 _a61
100 _a3
101 _aSHM
245 _aHMOs AND THE POLITICS OF HEALTH SYSTEM REFORM
_cFALKSON, J.L
942 _2udc
_cBK
999 _c4547
_d4547